[Event "XVII Festival A"]
[Site "Porto San Giorgio ITA"]
[Date "2005.08.24"]
[Round "3"]
[White "Bellomo, Francesco"]
[Black "Naumkin, Igor"]
[Result "1-0"]
[WhiteElo "2328"]
[BlackElo "2444"]
[PlyCount "89"]
[EventDate "2005.08.22"]

1. Nf3 Nf6 2. g3 d5 3. Bg2 c5 4. O-O Nc6 5. d3 e5 6. Nbd2 Be7 7. e4 d4 8. Nc4
Nd7 9. a4 O-O 10. Ne1 Qc7 11. f4 exf4 12. gxf4 f5 13. e5 Nb6 14. Bd2 Be6 15. b3
Rad8 16. Nxb6 axb6 17. Nf3 Bd5 18. Qe2 Rd7 19. Rae1 Nd8 20. Bc1 Ne6 21. Nd2
Bxg2 22. Qxg2 Kh8 23. Nf3 Bd8 24. Re2 g6 25. h4 h6 26. Kf2 Rg7 27. Ke1 b5 28.
axb5 Qa5+ 29. Kf2 Qxb5 30. Kg1 Qe8 31. Qh3 b5 32. Rg2 Qc6 33. Kh2 c4 34. bxc4
bxc4 35. Nd2 cxd3 36. cxd3 Kg8 37. Nc4 g5 38. fxg5 hxg5 39. Rxf5 Rxf5 40. Qxf5
gxh4 41. Rg6 Rxg6 42. Qxg6+ Kh8 43. Nd6 Qc2+ 44. Kh3 Ng7 45. Bh6 1-0

[Event "XVII Festival A"]
[Site "Porto San Giorgio ITA"]
[Date "2005.08.24"]
[Round "3"]
[White "Bokros, Albert"]
[Black "Mariotti, Sergio"]
[Result "1/2-1/2"]
[WhiteElo "2446"]
[BlackElo "2348"]
[PlyCount "45"]
[EventDate "2005.08.22"]

1. e4 c5 2. Nf3 a6 3. c4 e6 4. Nc3 Nc6 5. Be2 Nf6 6. O-O d6 7. d4 cxd4 8. Nxd4
Bd7 9. Be3 Be7 10. f3 Rb8 11. Rc1 O-O 12. Qd2 Nxd4 13. Bxd4 b5 14. cxb5 axb5
15. a3 e5 16. Be3 b4 17. axb4 Rxb4 18. Na2 Ra4 19. b3 Ra3 20. Bc4 Be6 21. Nb4
Bxc4 22. bxc4 Qa8 23. Nd5 1/2-1/2

[Event "XVII Festival A"]
[Site "Porto San Giorgio ITA"]
[Date "2005.08.24"]
[Round "3"]
[White "Di Caro, Calogero"]
[Black "Bruno, Fabio"]
[Result "1/2-1/2"]
[WhiteElo "2315"]
[BlackElo "2425"]
[PlyCount "82"]
[EventDate "2005.08.22"]

1. d4 d5 2. c4 dxc4 3. Nf3 a6 4. e3 e6 5. Bxc4 Nf6 6. O-O c5 7. dxc5 Qxd1 8.
Rxd1 Bxc5 9. Be2 Nbd7 10. Nbd2 O-O 11. Nc4 Ne4 12. Nd4 Nb6 13. Nb3 Nxc4 14.
Nxc5 Nxc5 15. Bxc4 b5 16. Bf1 Bb7 17. Bd2 Rfc8 18. Rac1 Bd5 19. b3 Ne4 20. Be1
f5 21. f3 Nf6 22. Kf2 Kf7 23. h3 h5 24. Be2 h4 25. Bd2 Rc6 26. Rxc6 Bxc6 27.
Rc1 Rc8 28. a4 bxa4 29. bxa4 Bd7 30. Rxc8 Bxc8 31. a5 Nd5 32. e4 fxe4 33. fxe4
Ne7 34. Bc3 Bb7 35. Ke3 Nc6 36. Bc4 g5 37. Kf3 Ne7 38. Bf1 Nf5 39. Be2 Ne7 40.
Kg4 Kg6 41. Bd3 Nc6 1/2-1/2

[Event "XVII Festival A"]
[Site "Porto San Giorgio ITA"]
[Date "2005.08.24"]
[Round "3"]
[White "Efimov, Igor"]
[Black "Altini, Daniele"]
[Result "1-0"]
[WhiteElo "2401"]
[BlackElo "2280"]
[PlyCount "47"]
[EventDate "2005.08.22"]

1. d4 Nf6 2. c4 e6 3. Nc3 Bb4 4. e3 b6 5. Nge2 Bb7 6. a3 Bxc3+ 7. Nxc3 d5 8.
cxd5 exd5 9. Bb5+ c6 10. Bd3 O-O 11. O-O Qd6 12. b4 Nbd7 13. Qf3 Rfe8 14. Bd2
a6 15. Rab1 b5 16. Rfe1 Nb6 17. e4 dxe4 18. Nxe4 Nxe4 19. Rxe4 Nd5 20. Rh4 g6
21. Rc1 a5 22. bxa5 Qxa3 23. Rxh7 Kxh7 24. Bxg6+ 1-0

[Event "XVII Festival A"]
[Site "Porto San Giorgio ITA"]
[Date "2005.08.24"]
[Round "3"]
[White "Kohlweyer, Bernd"]
[Black "Rossi, Aldo A."]
[Result "1-0"]
[WhiteElo "2423"]
[BlackElo "2154"]
[PlyCount "37"]
[EventDate "2005.08.22"]

1. d4 Nf6 2. c4 Nc6 3. Nf3 e6 4. a3 d6 5. Nc3 g6 6. e4 Bg7 7. Be2 O-O 8. O-O
Re8 9. d5 exd5 10. cxd5 Nb8 11. Bd3 c5 12. h3 c4 13. Bc2 b5 14. Re1 a6 15. Bf4
Ra7 16. Qd2 Rae7 17. Rad1 Qb6 18. e5 Nh5 19. Be3 1-0

[Event "XVII Festival A"]
[Site "Porto San Giorgio ITA"]
[Date "2005.08.24"]
[Round "3"]
[White "Maccario, Mauro"]
[Black "Horvath, Peter"]
[Result "0-1"]
[WhiteElo "2164"]
[BlackElo "2420"]
[PlyCount "74"]
[EventDate "2005.08.22"]

1. Nf3 d5 2. c4 e6 3. e3 c5 4. b3 Nc6 5. Bb2 d4 6. exd4 cxd4 7. d3 Nf6 8. g3
Be7 9. Bg2 O-O 10. O-O e5 11. Ba3 Re8 12. Re1 Nd7 13. Bxe7 Rxe7 14. a3 a5 15.
Nbd2 Nc5 16. Ne4 Nxe4 17. Rxe4 Bf5 18. Re1 h6 19. Qd2 Qb6 20. Rab1 e4 21. dxe4
Bxe4 22. Rb2 Rae8 23. Nh4 Bxg2 24. Rxe7 Rxe7 25. Kxg2 Qc5 26. a4 Nb4 27. Qf4
Nd3 28. Qb8+ Kh7 29. Rb1 Ne1+ 30. Rxe1 Qc6+ 31. Nf3 Rxe1 32. Qd8 Rd1 33. Qxa5
Qe4 34. Qc7 f6 35. Qd7 Rd3 36. Qd5 f5 37. a5 Rxf3 0-1

[Event "XVII Festival A"]
[Site "Porto San Giorgio ITA"]
[Date "2005.08.24"]
[Round "3"]
[White "Mascellani, Marco"]
[Black "Dworakowska, Joanna"]
[Result "1/2-1/2"]
[WhiteElo "2265"]
[BlackElo "2401"]
[PlyCount "80"]
[EventDate "2005.08.22"]

1. d4 Nf6 2. Nf3 g6 3. Bg5 Bg7 4. Nbd2 c5 5. e3 b6 6. Bd3 Bb7 7. c3 d5 8. h4
Nbd7 9. Qe2 Ne4 10. Bf4 h6 11. Ne5 Nxd2 12. Qxd2 Nxe5 13. Bxe5 Bxe5 14. dxe5
Qd7 15. O-O-O O-O-O 16. Qe2 Kb8 17. f4 h5 18. Rd2 Qa4 19. Kb1 Bc8 20. Bc2 Qc6
21. Rc1 Bg4 22. Qf2 f6 23. exf6 Qxf6 24. e4 dxe4 25. Bxe4 Rd6 26. Rxd6 Qxd6 27.
g3 Rd8 28. Qc2 Bd1 29. Qg2 Bg4 30. Qc2 e5 31. f5 gxf5 32. Bxf5 Bf3 33. Be4 Bd1
34. Qf2 Rf8 35. Qe3 Bg4 36. Re1 Bf5 37. Bxf5 Rxf5 38. Qe4 Qf6 39. Re2 Rf1+ 40.
Kc2 Rf2 1/2-1/2

[Event "XVII Festival A"]
[Site "Porto San Giorgio ITA"]
[Date "2005.08.24"]
[Round "3"]
[White "Mora, Paolo"]
[Black "Collutiis, Duilio"]
[Result "0-1"]
[WhiteElo "2209"]
[BlackElo "2386"]
[PlyCount "68"]
[EventDate "2005.08.22"]

1. e4 c5 2. Nc3 Nc6 3. g3 g6 4. Bg2 Bg7 5. d3 d6 6. Be3 Rb8 7. Qd2 b5 8. Nge2
b4 9. Nd1 Qb6 10. O-O e5 11. f4 Nge7 12. Kh1 Nd4 13. Ng1 exf4 14. Bxf4 O-O 15.
c3 bxc3 16. bxc3 Ne6 17. Bh6 Ba6 18. Bxg7 Kxg7 19. Nh3 f5 20. exf5 Nxf5 21. Re1
Rfe8 22. g4 Nh4 23. Be4 d5 24. Bxd5 Bb7 25. c4 Nf3 26. Qc3+ Ned4 27. Re3 Bxd5
28. cxd5 Rxe3 29. Nxe3 Qd6 30. Nf1 Qxd5 31. Nf4 Qc6 32. Ng2 Nh4 33. Qd2 Re8 34.
Ng3 Re2 0-1

[Event "XVII Festival A"]
[Site "Porto San Giorgio ITA"]
[Date "2005.08.24"]
[Round "3"]
[White "Mrdja, Milan"]
[Black "Laketic, Gojko"]
[Result "0-1"]
[WhiteElo "2352"]
[BlackElo "2467"]
[PlyCount "29"]
[EventDate "2005.08.22"]

1. e4 e5 2. Nf3 Nc6 3. Bb5 a6 4. Ba4 Nf6 5. Bxc6 dxc6 6. d3 Nd7 7. Nbd2 Bd6 8.
Nc4 O-O 9. O-O Re8 10. Bd2 Nf8 11. Bc3 Ng6 12. Re1 c5 13. a4 Qf6 14. Qd2 Nf4
15. Qe3 0-1

[Event "XVII Festival A"]
[Site "Porto San Giorgio ITA"]
[Date "2005.08.24"]
[Round "3"]
[White "Ortega, Lexy"]
[Black "Bontempi, Piero"]
[Result "1-0"]
[WhiteElo "2429"]
[BlackElo "2328"]
[PlyCount "41"]
[EventDate "2005.08.22"]

1. Nf3 d5 2. c4 d4 3. g3 c5 4. b4 f6 5. Bg2 e5 6. O-O Be6 7. d3 Nc6 8. b5 Nce7
9. Nfd2 Qc8 10. e3 Nf5 11. Ne4 h5 12. exd4 Nxd4 13. Nbc3 Bh3 14. Ne2 h4 15.
Nxd4 exd4 16. Bxh3 Qxh3 17. g4 Be7 18. f3 f5 19. Nf2 fxg4 20. Nxh3 gxh3 21. Qe2
1-0

[Event "XVII Festival A"]
[Site "Porto San Giorgio ITA"]
[Date "2005.08.24"]
[Round "3"]
[White "Roeder, Matthias"]
[Black "Csiszar, Csaba"]
[Result "1/2-1/2"]
[WhiteElo "2393"]
[BlackElo "2412"]
[PlyCount "47"]
[EventDate "2005.08.22"]

1. Nf3 Nf6 2. c4 e6 3. Nc3 Bb4 4. Qc2 c5 5. a3 Ba5 6. e3 Nc6 7. Be2 O-O 8. O-O
d6 9. d4 Qe7 10. Rb1 Bxc3 11. Qxc3 e5 12. d5 Nb8 13. b4 Nbd7 14. Nd2 e4 15. Bb2
Ne8 16. Rfe1 f5 17. f4 exf3 18. Bxf3 b6 19. e4 Ne5 20. exf5 Bxf5 21. Qb3 Nxf3+
22. Nxf3 Qd7 23. Ng5 Nc7 24. bxc5 1/2-1/2

[Event "XVII Festival A"]
[Site "Porto San Giorgio ITA"]
[Date "2005.08.24"]
[Round "3"]
[White "Roos, Michael"]
[Black "Farago, Ivan"]
[Result "0-1"]
[WhiteElo "2371"]
[BlackElo "2499"]
[PlyCount "66"]
[EventDate "2005.08.22"]

1. d4 Nf6 2. c4 e6 3. Nc3 Bb4 4. Qc2 d5 5. cxd5 exd5 6. Bg5 h6 7. Bxf6 Qxf6 8.
a3 Bxc3+ 9. Qxc3 c6 10. e3 O-O 11. Nf3 Re8 12. Be2 Bg4 13. O-O Nd7 14. b4 Nb6
15. Rfc1 Rac8 16. a4 a6 17. Qc5 Bxf3 18. gxf3 Nc4 19. Bxc4 dxc4 20. Qh5 b5 21.
f4 Qd6 22. Kh1 Qxb4 23. axb5 axb5 24. Ra7 Re7 25. Qg4 f5 26. Qg6 Rxa7 27. Qe6+
Rf7 28. Qxc8+ Kh7 29. Qxc6 Qd2 30. Rg1 Qxf2 31. Qg6+ Kg8 32. Qe6 Qf3+ 33. Rg2
Qe4 0-1

[Event "XVII Festival A"]
[Site "Porto San Giorgio ITA"]
[Date "2005.08.24"]
[Round "3"]
[White "Tomescu, Vlad"]
[Black "Calandri, Fausto"]
[Result "1-0"]
[WhiteElo "2376"]
[BlackElo "2117"]
[PlyCount "75"]
[EventDate "2005.08.22"]

1. d4 e6 2. c4 Nf6 3. Nc3 Bb4 4. f3 d5 5. e3 O-O 6. a3 Bxc3+ 7. bxc3 c5 8. cxd5
exd5 9. Bd3 b6 10. Ne2 Ba6 11. Bxa6 Nxa6 12. O-O Re8 13. Ng3 Qd7 14. Ra2 Rac8
15. Re2 cxd4 16. cxd4 h5 17. Qd3 Rc4 18. e4 Rec8 19. Bb2 g6 20. e5 h4 21. Nh1
Nh5 22. f4 Qf5 23. Qf3 Nc7 24. g4 hxg3 25. hxg3 Ne6 26. g4 Qxf4 27. gxh5 Qxf3
28. Rxf3 Rxd4 29. hxg6 Rg4+ 30. Rg3 Rxg6 31. Rxg6+ fxg6 32. Nf2 Nf4 33. Rd2 Kf7
34. Nd3 Nxd3 35. Rxd3 Rc2 36. Rf3+ Ke6 37. Bc3 a5 38. Bd4 1-0

[Event "XVII Festival A"]
[Site "Porto San Giorgio ITA"]
[Date "2005.08.24"]
[Round "3"]
[White "Trent, Lawrence"]
[Black "Baquero, Luis A."]
[Result "1-0"]
[WhiteElo "2407"]
[BlackElo "2301"]
[PlyCount "85"]
[EventDate "2005.08.22"]

1. d4 Nf6 2. Bg5 d5 3. e3 e6 4. Nd2 Be7 5. Bd3 b6 6. Ngf3 Nfd7 7. Bxe7 Qxe7 8.
e4 Ba6 9. Bxa6 Nxa6 10. Qe2 Nb4 11. O-O dxe4 12. Nxe4 Nd5 13. c4 N5f6 14. Nc3
O-O 15. Rfe1 Qd6 16. Rad1 c5 17. d5 exd5 18. Nxd5 Nxd5 19. Rxd5 Qc6 20. Qd3 Nf6
21. Rd6 Qc8 22. Rd1 Re8 23. h3 Re6 24. Ng5 Rxd6 25. Qxd6 h6 26. Nf3 Qb8 27. Qe7
Qe8 28. Re1 Qd7 29. Kh2 Rd8 30. b3 Qd6+ 31. Qxd6 Rxd6 32. Re7 Rd7 33. Rxd7 Nxd7
34. Kg3 g6 35. Kf4 f6 36. Ke4 f5+ 37. Kd5 Nf6+ 38. Kc6 Ne4 39. Kb7 Nxf2 40.
Kxa7 g5 41. Kxb6 g4 42. hxg4 fxg4 43. Ne1 1-0

[Event "XVII Festival A"]
[Site "Porto San Giorgio ITA"]
[Date "2005.08.25"]
[Round "4"]
[White "Bellet, Georges"]
[Black "Roeder, Matthias"]
[Result "0-1"]
[WhiteElo "2163"]
[BlackElo "2393"]
[PlyCount "56"]
[EventDate "2005.08.22"]

1. e4 c5 2. Nf3 d6 3. d4 cxd4 4. Nxd4 Nf6 5. Nc3 a6 6. Be2 e5 7. Nb3 Be7 8. Be3
Be6 9. O-O Nbd7 10. a4 Nb6 11. Nd2 Rc8 12. a5 Nbd7 13. Na4 d5 14. Nb6 Nxb6 15.
Bxb6 Qd7 16. f4 exf4 17. Bd3 dxe4 18. Nxe4 Nd5 19. Bd4 Ne3 20. Bxe3 fxe3 21.
Qe2 O-O 22. Qxe3 f5 23. Nf2 Bc5 24. Qf3 Bd5 25. Qh3 Rc6 26. Qh5 Rh6 27. Qe2 Qe6
28. h3 Rxh3 0-1

[Event "XVII Festival A"]
[Site "Porto San Giorgio ITA"]
[Date "2005.08.25"]
[Round "4"]
[White "Bruno, Fabio"]
[Black "Cocchi, Andrea"]
[Result "1-0"]
[WhiteElo "2425"]
[BlackElo "2292"]
[PlyCount "71"]
[EventDate "2005.08.22"]

1. Nf3 d6 2. g3 g6 3. Bg2 Bg7 4. O-O e5 5. c4 Nc6 6. Nc3 Nf6 7. d3 O-O 8. Rb1
a5 9. a3 h6 10. b4 axb4 11. axb4 Be6 12. b5 Ne7 13. Bd2 Nd7 14. Ne1 c6 15. Qc1
Kh7 16. f4 Qc7 17. Nf3 Nf5 18. g4 Ne7 19. h3 f5 20. bxc6 bxc6 21. gxf5 Nxf5 22.
Ne4 d5 23. Neg5+ hxg5 24. Nxg5+ Kh8 25. Nxe6 Qa7+ 26. Kh2 Rfe8 27. Nxg7 Kxg7
28. cxd5 cxd5 29. Qc6 Nd4 30. Qxd5 Nb6 31. Qe4 Rab8 32. fxe5 Nf5 33. e6 Qa2 34.
Bc3+ Kg8 35. Qe5 Kh7 36. Rxf5 1-0

[Event "XVII Festival A"]
[Site "Porto San Giorgio ITA"]
[Date "2005.08.25"]
[Round "4"]
[White "Collutiis, Duilio"]
[Black "Ortega, Lexy"]
[Result "1-0"]
[WhiteElo "2386"]
[BlackElo "2429"]
[PlyCount "53"]
[EventDate "2005.08.22"]

1. e4 c5 2. Nc3 e6 3. Nf3 a6 4. d4 cxd4 5. Nxd4 b5 6. Bd3 Bc5 7. Be3 d6 8. e5
dxe5 9. Nxe6 Bxe6 10. Bxc5 Nd7 11. Bb4 f5 12. a4 Qh4 13. Bd6 b4 14. Ne2 Nh6 15.
Qd2 Qf6 16. f3 b3 17. O-O bxc2 18. Bxc2 Bc4 19. Nc3 Nf7 20. Ba3 Qb6+ 21. Rf2 g6
22. a5 Qd4 23. Qe1 O-O-O 24. Rd1 Qa7 25. Na4 Bb5 26. Kh1 Nf6 27. Nb6+ 1-0

[Event "XVII Festival A"]
[Site "Porto San Giorgio ITA"]
[Date "2005.08.25"]
[Round "4"]
[White "Dworakowska, Joanna"]
[Black "Cerquitella, Luca"]
[Result "1-0"]
[WhiteElo "2401"]
[BlackElo "2176"]
[PlyCount "53"]
[EventDate "2005.08.22"]

1. e4 e5 2. Nf3 Nc6 3. d4 exd4 4. Nxd4 Bc5 5. Nxc6 Qf6 6. Qd2 dxc6 7. Nc3 Qe7
8. Bc4 Nf6 9. Qe2 Ng4 10. f3 Ne5 11. Bb3 Qh4+ 12. Kf1 a5 13. Be3 Bd6 14. Qf2
Qh5 15. h3 b6 16. g4 Ba6+ 17. Kg2 Qg6 18. f4 Nd7 19. e5 Bc5 20. f5 Bxe3 21.
Qxe3 Qh6 22. Bxf7+ Kxf7 23. e6+ Ke7 24. g5 Qh5 25. exd7+ Kd8 26. Rhe1 Qf7 27.
Rad1 1-0

[Event "XVII Festival A"]
[Site "Porto San Giorgio ITA"]
[Date "2005.08.25"]
[Round "4"]
[White "Farago, Ivan"]
[Black "Efimov, Igor"]
[Result "1-0"]
[WhiteElo "2499"]
[BlackElo "2401"]
[PlyCount "117"]
[EventDate "2005.08.22"]

1. d4 d5 2. c4 e6 3. Nf3 Nf6 4. Nc3 Be7 5. Bf4 c5 6. dxc5 Na6 7. e3 Nxc5 8.
cxd5 Nxd5 9. Bb5+ Bd7 10. Nxd5 Bxb5 11. Nc7+ Qxc7 12. Bxc7 Nd3+ 13. Kd2 Bb4+
14. Kc2 Rc8 15. Nd4 Rxc7+ 16. Kb1 Nxf2 17. Nxb5 Nxd1 18. Nxc7+ Kd7 19. Rxd1+
Kxc7 20. Kc2 Bd6 21. Kb3 Kd7 22. Rac1 Ke7 23. h3 h5 24. Rd2 Rd8 25. e4 f6 26.
Rcd1 h4 27. e5 fxe5 28. Rf1 Rd7 29. Re1 Rd8 30. Re4 g5 31. Re1 Rd7 32. Rf1 a6
33. Rdf2 e4 34. Rf7+ Ke8 35. Rxd7 Kxd7 36. Re1 Kc6 37. Rxe4 Kd5 38. Re2 Bf4 39.
Kc3 Be5+ 40. Kd3 Bd6 41. Re4 b5 42. Rd4+ Kc6 43. Ke4 a5 44. Rd2 a4 45. Rf2 Bf4
46. Rc2+ Kd6 47. Rc8 Bg3 48. Ra8 Kc5 49. Ra6 e5 50. Ra8 Bf4 51. Rc8+ Kd6 52. b4
axb3 53. axb3 Bg3 54. Rg8 Bf4 55. b4 Kc7 56. Kd5 Bd2 57. Kc5 e4 58. Rg6 e3 59.
Re6 1-0

[Event "XVII Festival A"]
[Site "Porto San Giorgio ITA"]
[Date "2005.08.25"]
[Round "4"]
[White "Horvath, Peter"]
[Black "Di Caro, Calogero"]
[Result "1/2-1/2"]
[WhiteElo "2420"]
[BlackElo "2315"]
[PlyCount "45"]
[EventDate "2005.08.22"]

1. d4 Nf6 2. c4 g6 3. g3 c5 4. d5 b5 5. cxb5 a6 6. bxa6 d6 7. Nc3 Bg7 8. Nf3
O-O 9. Bg2 Bf5 10. O-O Ne4 11. Bd2 Nxa6 12. Nh4 Nxd2 13. Qxd2 Bd7 14. Rfe1 Qa5
15. Nf3 Rfb8 16. Rac1 Nc7 17. e4 Bg4 18. e5 Bxf3 19. exd6 exd6 20. Bxf3 Nb5 21.
Bg2 Nxc3 22. bxc3 Qxa2 23. Rc2 1/2-1/2

[Event "XVII Festival A"]
[Site "Porto San Giorgio ITA"]
[Date "2005.08.25"]
[Round "4"]
[White "Ionescu, Doru Alexandru"]
[Black "Bokros, Albert"]
[Result "0-1"]
[WhiteElo "2377"]
[BlackElo "2446"]
[PlyCount "58"]
[EventDate "2005.08.22"]

1. e4 c5 2. d3 Nc6 3. g3 g6 4. Bg2 Bg7 5. f4 e6 6. Nf3 Nge7 7. O-O O-O 8. c3 d6
9. Be3 Rb8 10. Nbd2 b5 11. d4 b4 12. dxc5 bxc3 13. bxc3 Ba6 14. Re1 Bxc3 15.
Rc1 Bb4 16. cxd6 Bxd6 17. e5 Ba3 18. Rxc6 Nxc6 19. Qa4 Qa5 20. Qxc6 Rfc8 21.
Qd7 Rc7 22. Qd4 Bc5 23. Qe4 Rb4 24. Nd4 Rxd4 25. Bxd4 Qxd2 26. Bxc5 Rxc5 27. h4
Rc2 28. Rb1 Bd3 29. Rb8+ Kg7 0-1

[Event "XVII Festival A"]
[Site "Porto San Giorgio ITA"]
[Date "2005.08.25"]
[Round "4"]
[White "Laketic, Gojko"]
[Black "Tomescu, Vlad"]
[Result "1/2-1/2"]
[WhiteElo "2467"]
[BlackElo "2376"]
[PlyCount "30"]
[EventDate "2005.08.22"]

1. e4 e5 2. Nf3 Nc6 3. Bb5 a6 4. Ba4 Nf6 5. O-O b5 6. Bb3 Bb7 7. d3 Bc5 8. Be3
Bxe3 9. fxe3 O-O 10. Nc3 d6 11. Nd5 Nxd5 12. Bxd5 Na5 13. Qe1 c6 14. Bb3 Nxb3
15. axb3 f5 1/2-1/2

[Event "XVII Festival A"]
[Site "Porto San Giorgio ITA"]
[Date "2005.08.25"]
[Round "4"]
[White "Manca, Federico"]
[Black "Sbraccia, Giovanni"]
[Result "1-0"]
[WhiteElo "2390"]
[BlackElo "2142"]
[PlyCount "39"]
[EventDate "2005.08.22"]

1. e4 c6 2. d4 d5 3. exd5 cxd5 4. c4 Nf6 5. Nc3 g6 6. cxd5 Bg7 7. Bc4 O-O 8.
Nge2 b6 9. O-O Bb7 10. Nf4 Na6 11. Qb3 Nc7 12. a4 g5 13. Nd3 h6 14. Ne5 Bxd5
15. Nxd5 Ncxd5 16. Nc6 Qd6 17. Bxd5 Nxd5 18. Qxd5 Qxd5 19. Nxe7+ Kh7 20. Nxd5
1-0

[Event "XVII Festival A"]
[Site "Porto San Giorgio ITA"]
[Date "2005.08.25"]
[Round "4"]
[White "Mariotti, Sergio"]
[Black "Kohlweyer, Bernd"]
[Result "1/2-1/2"]
[WhiteElo "2348"]
[BlackElo "2423"]
[PlyCount "100"]
[EventDate "2005.08.22"]

1. e4 c5 2. Nf3 d6 3. d4 cxd4 4. Nxd4 Nf6 5. f3 e5 6. Bb5+ Nbd7 7. Nf5 d5 8.
exd5 a6 9. Bxd7+ Qxd7 10. Ne3 b5 11. Nc3 Bb7 12. O-O b4 13. Ne4 Nxd5 14. Nxd5
Bxd5 15. Qe2 Qc6 16. Nf2 f6 17. Rd1 Be7 18. a3 O-O 19. axb4 Bxb4 20. b3 Bc3 21.
Ra2 Bf7 22. Bd2 Bd4 23. Be3 Rfe8 24. Bxd4 exd4 25. Qf1 Qc3 26. Ne4 Qe3+ 27. Qf2
Rad8 28. Rxa6 Bg6 29. Re1 Qxf2+ 30. Kxf2 d3 31. cxd3 Rxd3 32. Rb6 h5 33. Re2
Re5 34. b4 Kh7 35. Nc5 Rxe2+ 36. Kxe2 Rc3 37. h4 Rc2+ 38. Kf1 Bf7 39. Rb7 Bc4+
40. Kg1 Rc1+ 41. Kh2 Rc2 42. Ne4 Bf1 43. Nxf6+ Kg6 44. Ne8 Rxg2+ 45. Kh1 Kh6
46. b5 Rd2 47. Rxg7 Bxb5 48. Re7 Bxe8 49. Rxe8 Kg6 50. Rg8+ Kf5 1/2-1/2

[Event "XVII Festival A"]
[Site "Porto San Giorgio ITA"]
[Date "2005.08.25"]
[Round "4"]
[White "Trent, Lawrence"]
[Black "Bellomo, Francesco"]
[Result "1-0"]
[WhiteElo "2407"]
[BlackElo "2328"]
[PlyCount "107"]
[EventDate "2005.08.22"]

1. e4 c5 2. Nf3 Nc6 3. Bb5 g6 4. O-O Bg7 5. c3 Nf6 6. Re1 O-O 7. e5 Nd5 8. d4
cxd4 9. cxd4 d6 10. Nc3 Nc7 11. exd6 Qxd6 12. Bg5 Be6 13. Bxc6 bxc6 14. Ne4 Qd8
15. Nc5 Re8 16. Ne5 Bd5 17. Bh4 Nb5 18. Qa4 Nd6 19. f3 Qb6 20. b3 Qb5 21. Qa3
a5 22. Na4 Qb4 23. Qxb4 axb4 24. Rac1 Nb5 25. Bf2 e6 26. Rc2 Red8 27. Be3 h5
28. Rec1 Bf6 29. Rd2 Bg7 30. Kf1 Nd6 31. Rdc2 Nf5 32. Bf2 Bh6 33. Re1 Bg7 34.
Ree2 Bf6 35. Re1 Bg7 36. Ke2 Bf6 37. Rd1 h4 38. Nb6 Rab8 39. Nbd7 Rb7 40. Nc5
Ra7 41. Ncd3 Rb7 42. g4 hxg3 43. hxg3 Nd6 44. Nxc6 Bxc6 45. Rxc6 Nf5 46. Ne5
Ne7 47. Rc2 Nd5 48. Be1 Bxe5 49. dxe5 Ra7 50. Bxb4 Rda8 51. a3 Rb7 52. Rd4 Rab8
53. Bd6 Ra8 54. Rd3 1-0

[Event "XVII Festival A"]
[Site "Porto San Giorgio ITA"]
[Date "2005.08.26"]
[Round "5"]
[White "Di Caro, Calogero"]
[Black "Manca, Federico"]
[Result "1/2-1/2"]
[WhiteElo "2315"]
[BlackElo "2390"]
[PlyCount "57"]
[EventDate "2005.08.22"]

1. d4 d5 2. c4 e6 3. Nf3 c5 4. cxd5 exd5 5. Nc3 Nc6 6. g3 Nf6 7. Bg2 Be7 8. O-O
O-O 9. Bg5 cxd4 10. Nxd4 h6 11. Bf4 Bg4 12. h3 Bd7 13. Kh2 Qb6 14. Be3 Qxb2 15.
Nxd5 Nxd5 16. Bxd5 Rad8 17. Rb1 Qa3 18. Rxb7 Nxd4 19. Bxd4 Ba4 20. Bb2 Bxd1 21.
Bxa3 Rxd5 22. Rxe7 Rc8 23. e4 Rd4 24. e5 Rc2 25. g4 Be2 26. Re1 Rxa2 27. Bc5
Rd5 28. Rxa7 Rxa7 29. Bxa7 1/2-1/2

[Event "XVII Festival A"]
[Site "Porto San Giorgio ITA"]
[Date "2005.08.26"]
[Round "5"]
[White "Efimov, Igor"]
[Black "Csiszar, Csaba"]
[Result "0-1"]
[WhiteElo "2401"]
[BlackElo "2412"]
[PlyCount "86"]
[EventDate "2005.08.22"]

1. d4 Nf6 2. Nf3 e6 3. Bg5 c5 4. c3 Be7 5. Nbd2 O-O 6. Bxf6 Bxf6 7. dxc5 a5 8.
e3 Na6 9. Bxa6 Rxa6 10. Nd4 b6 11. cxb6 Rxb6 12. Qc2 Ba6 13. f4 Qb8 14. O-O-O
Bxd4 15. exd4 Qxf4 16. g3 Qc7 17. Rhe1 Rfb8 18. b3 d5 19. Re3 Rc6 20. Nf3 a4
21. b4 a3 22. Ne5 Rcb6 23. Kd2 f6 24. Nd3 Bxd3 25. Qxd3 Qd6 26. Rde1 Re8 27.
Qe2 Qe7 28. Kc2 Kh8 29. Qh5 Qd7 30. Kd2 Rc8 31. Qg4 Qc7 32. Rb1 e5 33. Rb3 f5
34. Qxf5 exd4 35. Re7 dxc3+ 36. Kc2 Qb8 37. Qd7 Rd6 38. Qg4 Rg6 39. Qd4 Qd6 40.
Re5 Re6 41. Rxd5 Re2+ 42. Kd1 Qe7 43. Rxc3 Rf8 0-1

[Event "XVII Festival A"]
[Site "Porto San Giorgio ITA"]
[Date "2005.08.26"]
[Round "5"]
[White "Friedrich, Norbert"]
[Black "Horvath, Peter"]
[Result "0-1"]
[WhiteElo "2310"]
[BlackElo "2420"]
[PlyCount "180"]
[EventDate "2005.08.22"]

1. e4 c5 2. Nf3 Nc6 3. d4 cxd4 4. Nxd4 e5 5. Nb5 d6 6. c4 Be6 7. Bd3 Be7 8. O-O
Nf6 9. N5c3 O-O 10. Nd5 Rc8 11. Nbc3 Nd7 12. Be3 Nc5 13. Rc1 Bg5 14. Qd2 Bxe3
15. Qxe3 Bxd5 16. exd5 Nd4 17. b4 Nxd3 18. Qxd3 Qb6 19. a3 h6 20. Ne2 Nxe2+ 21.
Qxe2 a5 22. Qe3 Qxe3 23. fxe3 b6 24. Rc3 Rc7 25. Rfc1 Rfc8 26. e4 Kf8 27. Kf2
Ke7 28. Ke3 g6 29. g4 axb4 30. axb4 Ra7 31. h4 Ra2 32. c5 dxc5 33. bxc5 Rxc5
34. Rxc5 bxc5 35. Rxc5 Rh2 36. Rc7+ Ke8 37. d6 Rh3+ 38. Ke2 Rxh4 39. Re7+ Kd8
40. Kf3 Rh3+ 41. Kg2 Rd3 42. Rxf7 Rxd6 43. Rh7 g5 44. Kg3 Ke8 45. Kg2 Kf8 46.
Kg3 Rf6 47. Ra7 Rf4 48. Ra8+ Kf7 49. Ra7+ Kg6 50. Ra6+ Rf6 51. Ra5 Re6 52. Rb5
Kf6 53. Rb7 Ra6 54. Rh7 Ra3+ 55. Kf2 Rh3 56. Rh8 Ke6 57. Re8+ Kd6 58. Rd8+ Ke7
59. Rh8 Kd7 60. Rg8 Rh4 61. Kg3 Kc6 62. Re8 Kd6 63. Rd8+ Ke7 64. Rh8 Kf7 65.
Rh7+ Kg6 66. Re7 h5 67. gxh5+ Kf6 68. Ra7 Rxe4 69. h6 Rh4 70. h7 Kf5 71. Rf7+
Ke6 72. Rg7 Kf6 73. Ra7 e4 74. Ra6+ Kf5 75. Ra5+ Kf6 76. Ra6+ Kg7 77. Ra5 Kf6
78. Ra6+ Ke5 79. Ra5+ Kd4 80. Rxg5 Rxh7 81. Kf2 Rh2+ 82. Kf1 Kd3 83. Ra5 Rh1+
84. Kf2 e3+ 85. Kg2 e2 86. Ra3+ Kc4 87. Kxh1 e1=Q+ 88. Kg2 Qd2+ 89. Kh3 Qd7+
90. Kg2 Qd4 0-1

[Event "XVII Festival A"]
[Site "Porto San Giorgio ITA"]
[Date "2005.08.26"]
[Round "5"]
[White "Ortega, Lexy"]
[Black "Baquero, Luis A."]
[Result "1-0"]
[WhiteElo "2429"]
[BlackElo "2301"]
[PlyCount "69"]
[EventDate "2005.08.22"]

1. d4 d5 2. c4 c6 3. cxd5 cxd5 4. Nf3 Nc6 5. Nc3 Nf6 6. Bf4 Bf5 7. e3 e6 8. Bb5
Nd7 9. O-O Be7 10. Qb3 O-O 11. Rfc1 g5 12. Bg3 h5 13. h3 g4 14. hxg4 hxg4 15.
Nh2 Nf6 16. Be2 Qd7 17. Qd1 Nh5 18. Nf1 Nf6 19. Bh4 Kg7 20. Bxf6+ Bxf6 21. Bxg4
Bg6 22. Bh5 Ne7 23. Bxg6 Nxg6 24. Ng3 Kg8 25. Qg4 Rfc8 26. f4 Rc6 27. Rf1 Re8
28. f5 exf5 29. Nxf5 Qe6 30. Rf3 Bg7 31. Raf1 Rd8 32. Ne2 Qe4 33. Nf4 Rf6 34.
Nh5 Re6 35. Rf4 1-0

[Event "XVII Festival A"]
[Site "Porto San Giorgio ITA"]
[Date "2005.08.26"]
[Round "5"]
[White "Piscopo, Pierluigi"]
[Black "Vezzani, Stefano"]
[Result "1-0"]
[WhiteElo "2389"]
[BlackElo "2195"]
[PlyCount "55"]
[EventDate "2005.08.22"]

1. e4 d6 2. d4 Nf6 3. Nc3 e5 4. Nf3 Nbd7 5. g3 Be7 6. Bg2 O-O 7. O-O Re8 8. Re1
c6 9. a4 a5 10. h3 Qc7 11. b3 Nb6 12. Bb2 Bf8 13. Qd2 Bd7 14. Rad1 exd4 15.
Qxd4 Rad8 16. Bc1 c5 17. Qd3 c4 18. Qd4 Qc5 19. Qxc5 dxc5 20. e5 Be6 21. Rxd8
Rxd8 22. exf6 cxb3 23. Bg5 g6 24. cxb3 Bxb3 25. Nd2 Nxa4 26. Nxb3 Nxc3 27. Nxa5
h6 28. Nxb7 1-0